Score 0/16 Timer 03:00
0 Plays Today
% Correct
Piglet
99.2%
Cat
98.5%
Bear
97.7%
Dog
97.7%
Dolphin
97.7%
Elephant
97.7%
Fox
97.7%
Lamb
97.7%
% Correct
Tortoise
97%
Giraffes
96.2%
Monkey
95.5%
Otters
95.5%
Seagull
95.5%
Hedgehogs
93.9%
Hamster
90.9%
Red panda
90.2%
Remove Ads.
Support Sporcle.
Get the best of Sporcle when you Go Orange. This ad-free experience offers more features, more stats, and more fun while also helping to support Sporcle. Thank you for becoming a member.

You're not logged in!

Compare scores with friends on all Sporcle quizzes.
OR
Log In

Sporcle TV

Today on Sporcle TV


Watch our educational content, quiz creation guides, and fun videos on Sporcle TV.

Show Comments

Extras

Top Quizzes Today


Score Distribution

Paid Content

Your Account Isn't Verified!

In order to create a playlist on Sporcle, you need to verify the email address you used during registration. Go to your Sporcle Settings to finish the process.

Report this User

Report this user for behavior that violates our Community Guidelines.

Details: